Spanish Adjectives - Statistics

General Stats
  • This quiz has been taken 205 times
    5 since last reset
  • The average score is 137 of 500
Answer Stats
Español English % Correct
Antiguo/Antigua Ancient
80%
Metálico/Metálica Metallic
80%
Viejo/Vieja Old
80%
Bonita/Bonito Pretty
80%
Estricto/Estricta Strict
80%
Aparte Apart
60%
Armado/Armada Armed
60%
Artificial Artificial
60%
Mal/Malo(a) Bad
60%
Básico/Básica Basic
60%
Bello(a)/Precioso/Hermoso(a)/Guapa Beautiful
60%
Casual/De sport Casual
60%
Censurado/Censurada Censored
60%
Completo/Completa Complete
60%
Consistente Consistent
60%
Cocido(a)/Cocinado(a) Cooked
60%
Crucial Crucial
60%
Muerto/Muerta Dead
60%
Defensivo/Defensiva Defensive
60%
Diferente Different
60%
Descubierto/Descubierta Discovered
60%
Fácil Easy
60%
Eléctrico/Eléctrica (also electrical) Electric
60%
Excelente Excellent
60%
Excluido/Excluida Excluded
60%
Falso/Falsa False
60%
Libre/Gratis Free
60%
Frito/Frita Fried
60%
Divertido/Divertida (also funny) Fun
60%
Duro/Dura Hard
60%
Esperanzado(a)/Esperanzador(a) Hopeful
60%
Incapaz (also unable) Incapable
60%
Incluido/Incluida Included
60%
Inocente Innocent
60%
Insignificante Insignificant
60%
Interesante Interesting
60%
Íntimo/Íntima Intimate
60%
Invasivo/Invasiva Invasive
60%
Irónico/Irónica Ironic
60%
Tardío(a)/Tarde Late
60%
Mágico/Mágica Magical
60%
Moderno/Moderna Modern
60%
Apagado/Apagada Off
60%
Ofensivo/Ofensiva Offensive
60%
Encendido/Encendida On
60%
Opcional Optional
60%
Paciente Patient
60%
Perfecto/Perfecta Perfect
60%
Permanente Permanent
60%
Persistente Persistent
60%
Popular Popular
60%
Potencial Potential
60%
Remoto/Remota Remote
60%
Repetitivo(a)/Reiterativo(a) Repetitive
60%
Rico/Rica Rich
60%
Romántico/Romántica Romantic
60%
Significativo/Significativa Significant
60%
Similar Similar
60%
Pequeño(a)/Menudo(a) (also menial, minor, trivial) Small
60%
Social Social
60%
Suave (also smooth, gentle) Soft
60%
Especial Special
60%
Picante Spicy
60%
Superior (also top, upper, greater, overhead, senior) Superior
60%
Dulce/Dulzón Sweet
60%
Tóxico/Tóxica Toxic
60%
Feo/Fea Ugly
60%
Desafortunado/Desafortunada Unfortunate
60%
Desagradecido(a)/Malagradecido(a) Ungrateful
60%
Sin interés Uninteresting
60%
Unido/Unida United
60%
Sin relación Unrelated
60%
Urbano/Urbana Urban
60%
Útil (also helpful) Useful
60%
Inútil (also unhelpful) Useless
60%
Abusivo/Abusiva Abusive
40%
Activo/Activa Active
40%
Agresivo/Agresiva Aggressive
40%
Vivo/Viva Alive
40%
Solo/Sola Alone
40%
Anónimo/Anónima Anonymous
40%
Atento/Atenta Attentive
40%
Automático/Automática Automatic
40%
Grande Big
40%
Bravo(a) (also wild, choppy, courageous)/Aguerrido(a) (also fiesty)/Denodado(a) (also fearless, bold) Brave
40%
Cambiado/Cambiada Changed
40%
Competente Competent
40%
Confuso/Confusa Confusing
40%
Conservador/Conservadora Conservative
40%
Controvertido/Controvertida Controversial
40%
Conveniente Convenient
40%
Crítico/Crítica Critical
40%
Lindo/Linda (also nice) Cute
40%
Oscuro/Oscura Dark
40%
Mortal (also mortal) Deadly
40%
Decente Decent
40%
Dependiente Dependent
40%
Deprimente/Depresivo(a) Depressing
40%
Destinado/Destinada (also intended) Destined
40%
Devastador/Devastadora Devastating
40%
Difícil Difficult
40%
Sucio/Sucia Dirty
40%
Diverso/Diversa Diverse
40%
Doméstico/Doméstica Domestic
40%
Temprana(o)/Tempranero(a) Early
40%
Educativo(a)/Educacional Educational
40%
Elástico/Elástica Elastic
40%
Elegante Elegant
40%
Incómodo (also awkward) Embarrassed
40%
Enorme Enormous
40%
Igual Equal
40%
Esencial Essential
40%
Exótico/Exótica Exotic
40%
Caro/Cara Expensive
40%
Familiar Familiar
40%
Famoso/Famosa Famous
40%
Fascinante Fascinating
40%
Rápido/Rápida Fast
40%
Gordo/Gorda Fat
40%
Filtrado/Filtrada Filtered
40%
Primero/Primera First
40%
Afortunado/Afortunada Fortunate
40%
Fresco/Fresca Fresh
40%
Gráfico/Gráfica Graphic
40%
Agradecido/Agradecida Grateful
40%
Gran Great
40%
Garantizado/Garantizada Guaranteed
40%
Medio Half
40%
Guapo Handsome
40%
Dañino(a) (also damaging)/Dañoso(a) Harmful
40%
Odioso/Odiosa Hateful
40%
Saludable Healthy
40%
Santo/Santa Holy
40%
Sin esperanza Hopeless
40%
Inmóvil Immobile
40%
Impaciente Impatient
40%
Imposible Impossible
40%
Impresionante Impressive
40%
Imprudente (also reckless) Imprudent
40%
Inconsistente Inconsistent
40%
Independiente Independent
40%
Infinito/Infinita Infinite
40%
Intenso/Intensa Intense
40%
Intencional/Doloso(a) Intentional
40%
Intimidante Intimidating
40%
Irrelevante Irrelevant
40%
Último/Última (also ultimate) Last
40%
Perezoso(a)/Gandul Lazy
40%
Izquierdo/Izquierda Left
40%
Largo/Larga Long
40%
Bajo/Baja Low
40%
Suertudo/Suertuda Lucky
40%
Magnífico/Magnífica Magnificent
40%
Manual Manual
40%
Moderado/Moderada Moderate
40%
Misterioso/Misteriosa Mysterious
40%
Nativo/Nativa Native
40%
Natural Natural
40%
Necesario/Necesaria Necessary
40%
Neutro(a)/Neutral Neutral
40%
Nuevo/Nueva New
40%
En línea Online
40%
Sólo (also just) Only
40%
Nuestra/Nuestro Our
40%
Propio/Propia (also proper) Own
40%
Doloroso/Dolorosa Painful
40%
Parcial Partial
40%
Pacífico/Pacífica Peaceful
40%
Pobre Poor
40%
Profundo/Profunda (also deep) Profound
40%
Público/Pública Public
40%
Puro/Pura Pure
40%
Cualificado/Cualificada Qualified
40%
Tranquilo(a)/Callado(a) Quiet
40%
Listo/Lista Ready
40%
Reciente Recent
40%
Refrescante Refreshing
40%
Relacionado/Relacionada Related
40%
Respetado/Respetada Respected
40%
Derecha Right
40%
Rudo(a)/Grosero(a) Rude
40%
Rural Rural
40%
Sagrado/Sagrada Sacred
40%
Seguro/Segura (also secure, sure) Safe
40%
Escandaloso/Escandalosa (also outrageous) Scandalous
40%
Secreto/Secreta Secret
40%
Corto/Corta Short
40%
Sencillo(a)/Simple Simple
40%
Vendido/Vendida Sold
40%
Algún/Unos/Bastante (also quite, enough, rather, pretty, very much, pretty much, fairly) Some
40%
Agrio/Agria Sour
40%
Específico/Específica Specific
40%
Espectacular Spectacular
40%
De apoyo/De ayuda/De sostén/De sustento/De respaldo/De contención Supportive
40%
Sospechoso(a)/Suspicaz Suspicious
40%
Pésimo(a)/Terrible (also horrible, awful) Terrible
40%
Delgado/Delgada Thin
40%
Chiquitito(a)/Pequeñito(a)/Chiquito(a) Tiny
40%
Trágico/Trágica Tragic
40%
Triple Triple
40%
Tropical Tropical
40%
Verdadero/Verdadera True
40%
Girado/Girada (also rotated) Turned
40%
Poco atractivo Unattractive
40%
No autorizado(a) Unauthorized
40%
Desbloqueado/Desbloqueada (also unlocked) Unblocked
40%
Sin censura Uncensored
40%
No confirmado(a) Unconfirmed
40%
Sin importancia Unimportant
40%
Sin intención Unintentional
40%
Único/Única (also only, single) Unique
40%
Mala suerte Unlucky
40%
Innecesario/Innecesaria Unnecessary
40%
Impopular Unpopular
40%
Vago/Vaga Vague
40%
Vano(a)/Vanidoso(a) (also vanity) Vain
40%
Violento/Violenta Violent
40%
Vital Vital
40%
Salvaje (also savage) Wild
40%
Joven Young
40%
Ausente Absent
20%
Preciso/Precisa (also precise) Accurate
20%
Adictivo/Adictiva Addictive
20%
Avanzado/Avanzada Advanced
20%
Cariñoso(a)/Afectuoso(a) Affectionate
20%
Alérgico/Alérgica Allergic
20%
Alternativo/Alternativa Alternate
20%
Animado/Animada (also lively) Animated
20%
Cualquier (also whatever) Any
20%
Apropiado/Apropiada Appropriate
20%
Arrestado/Arrestada Arrested
20%
Avergonzado/Avergonzada (also embarrassed) Ashamed
20%
Atractivo/Atractiva Attractive
20%
Auténtico/Auténtica Authentic
20%
Autorizado/Autorizada Authorized
20%
Medio/Media Average
20%
Despierto/Despierta Awake
20%
Horneado/Horneada Baked
20%
Descalzo/Descalza (also barefoot) Bare
20%
Creíble Believable
20%
Amargo(a)/Amargado(a) (personality) Bitter
20%
Bloqueado/Bloqueada (also locked) Blocked
20%
Sangriento(a)/Sanguinolento(a) (also bloodshot) Bloody
20%
Aburrido/Aburrida Boring
20%
Brillante Bright
20%
Roto(a)/Quebrado(a)/Quebrantado(a) Broken
20%
Ocupado/Ocupada Busy
20%
Capaz Capable
20%
Capturado(a)/Captado(a) Captured
20%
Barato/Barata Cheap
20%
Crónico/Crónica Chronic
20%
Combinado/Combinada Combined
20%
Compasivo/Compasiva Compassionate
20%
Complejo/Compleja Complex
20%
Complicado/Complicada Complicated
20%
Correcto/Correcta (also right) Correct
20%
Corrupto/Corrupta Corrupt
20%
Creativo/Creativa Creative
20%
Cruel (also ruthless) Cruel
20%
Curioso/Curiosa Curious
20%
Peligroso/Peligrosa Dangerous
20%
Delicado/Delicada Delicate
20%
Delicioso/Deliciosa Delicious
20%
Destrozado(a)/Destruido(a) (also wrecked) Destroyed
20%
Decepcionado/Decepcionada (also discontent) Disappointed
20%
Desarmado/Desarmada Disarmed
20%
Repugnante/Asco Disgusting
20%
Dividido/Dividida Divided
20%
Divino/Divina Divine
20%
Doble Double
20%
Debido/Debida Due
20%
Disfuncional Dysfunctional
20%
Cada (also every) Each
20%
Educado/Educada Educated
20%
Elegido/Elegida Elected
20%
Emocional Emotional
20%
Vacío/Vacía Empty
20%
Suficiente Enough
20%
Ejecutado/Ejecutada Executed
20%
Extremo/Extrema Extreme
20%
Fiel Faithful
20%
Fantástico/Fantástica Fantastic
20%
Favorito/Favorita Favourite
20%
Prohibido/Prohibida (also prohibited) Forbidden
20%
Extranjero(a)/Externo(a)/Ajeno(a) (also alien)/Foráneo Foreign
20%
Olvidado/Olvidada Forgotten
20%
Amistoso/Amistosa Friendly
20%
Congelado/Congelada Frozen
20%
Gigante Giant
20%
Ido/Se fue Gone
20%
Bueno/Buena Good
20%
A la parrilla/Parrillado(a) Grilled
20%
Adivinado/Adivinada Guessed
20%
Culpable Guilty
20%
Peludo(a)/Velludo(a) Hairy
20%
Odiado/Odiada Hated
20%
Con calefacción/Acalorado(a)/Caldeado(a) Heated
20%
Pesado/Pesada Heavy
20%
Escondido(a)/Oculto(a) Hidden
20%
Honesto/Honesta Honest
20%
Humilde Humble
20%
Humillado/Humillada Humiliated
20%
Hambre Hungry
20%
Imperfecto(a)/Defectuoso(a) (also flawed, defective) Imperfect
20%
Importante Important
20%
Inexacto/Inexacta (also inexact) Inaccurate
20%
Inactiva/Inactivo Inactive
20%
Inapropiado/Inapropiada Inappropriate
20%
Desatento/Desatenta Inattentive
20%
Incompetente Incompetent
20%
Inconveniente Inconvenient
20%
Inferior (also bottom, lower, bad, cheap, underneath) Inferior
20%
Inicial Initial
20%
Inteligente (also smart) Intelligent
20%
Internacional International
20%
No válido(a) Invalid
20%
Matado/Matada Killed
20%
Local Local
20%
Ruidoso/Ruidosa Loud
20%
Leal Loyal
20%
Mayoritario/Mayoritaria Majority
20%
Máximo/Máxima Maximum
20%
Sin significado/Sin propósito Meaningless
20%
Militar Military
20%
Minoritario/Minoritaria Minority
20%
Móvil/Ambulante/Con movilidad Mobile
20%
Multicolor/Polícroma Multicoloured
20%
Musical Musical
20%
Desnudo/Desnuda Naked
20%
Estrecho(a)/Angosto(a) Narrow
20%
Nacional National
20%
Próximo(a)/Siguiente/De detrás Next
20%
Obscuro/Obscura Obscure
20%
Obvio/Obvia Obvious
20%
Oficial Official
20%
Opresivo/Opresiva Oppressive
20%
Ordinario/Ordinaria Ordinary
20%
Otro(a) (also another)/Demás (also others, rest) Other
20%
Exterior Outdoor
20%
Patético/Patética Pathetic
20%
Posible Possible
20%
Poderoso/Poderosa Powerful
20%
Práctico/Práctica Practical
20%
Embarazada/Preñado(a) Pregnant
20%
Preparado/Preparada Prepared
20%
No tiene precio Priceless
20%
Privado/Privada Private
20%
Adecuado/Adecuada (also adequate) Proper
20%
De protección/Proteccionista Protective
20%
Relativa/Relativo Relative
20%
Relevante Relevant
20%
Responsable Responsible
20%
Reunificado/Reunificada Reunited
20%
Redondo/Redonda Round
20%
Salado/Salada Salty
20%
Mismo/Misma Same
20%
Aterrador/Aterradora Scary
20%
Egoísta Selfish
20%
Desinteresado/Desinteresada Selfless
20%
Grave/Severo(a) (also serious) Severe
20%
Poco profundo(a)/Somero(a) Shallow
20%
Siniestro/Siniestra Sinister
20%
Recto/Recta Straight
20%
Estúpido/Estúpida Stupid
20%
Sabroso(a)/Gustoso(a) (also willing) Tasty
20%
Temporal Temporary
20%
Tradicional Traditional
20%
Entrenado/Entrenada Trained
20%
Indisponible Unavailable
20%
Sin cambios Unchanged
20%
Sin descubrir Undiscovered
20%
Sin educación Uneducated
20%
Insalubre Unhealthy
20%
Poco impresionante Unimpressive
20%
No oficial/Extraoficial Unofficial
20%
Sin soporte Unsupported
20%
Sin tocar Untouched
20%
Válido/Válida Valid
20%
Valioso/Valiosa Valuable
20%
Débil Weak
20%
Mojado/Mojada Wet
20%
Ancho/Ancha Wide
20%
Sabio/Sabia Wise
20%
Sin valor Worthless
20%
Equivocado/Equivocada Wrong
20%
Abandonado/Abandonada Abandoned
0%
Ambiguo/Ambigua Ambiguous
0%
Dormido/Dormida Asleep
0%
Disponible Available
0%
Amado/Amada Beloved
0%
Hervido/Hervida Boiled
0%
Atrapado/Atrapada Caught
0%
Clásico/Clásica Classic
0%
Limpio/Limpia (also clear) Clean
0%
Torpe Clumsy
0%
Colorido(a)/De colores Colourful
0%
Competitivo/Competitiva Competitive
0%
Confidencial Confidential
0%
Confirmado/Confirmada Confirmed
0%
Contiene Contains
0%
Crujiente/Crocante Crunchy
0%
Dedicado/Dedicada Dedicated
0%
Descrito/Descrita Described
0%
Discapacitado(a)/Deshabilitado(a) Disabled
0%
Deshonesto/Deshonesta Dishonest
0%
Desechable Disposable
0%
Distinto/Distinta Distinct
0%
De abajo/Abatido(a) Down
0%
Seco/Seca Dry
0%
Embotado(a)/Romo(a) (also blunt) Dull
0%
Eficaz Effective
0%
Activado/Activada Enabled
0%
Esperado/Esperada (also waited, hoped) Expected
0%
Vencido(a)/Caducado(a)/Expirado(a) Expired
0%
Justo/Justa Fair
0%
Lujoso/Lujosa (also luxurious) Fancy
0%
Pocos (also a little, a bit) Few
0%
Feroz Fierce
0%
Plano/Plana Flat
0%
Tonto/Zopenco/Necio(a) Foolish
0%
Anterior Former
0%
Frágil Fragile
0%
Codicioso(a)/Goloso(a) (also sweet-toothed) Greedy
0%
Sin pelo/Lampiño(a) Hairless
0%
Inofensivo(a)/Sin peligro/Sin riesgo Harmless
0%
Hueco/Hueca Hollow
0%
Sin techo Homeless
0%
Incompleto/Incompleta Incomplete
0%
Incorrecto/Incorrecta Incorrect
0%
Interior Indoor
0%
Ineficaz Ineffective
0%
Influyente Influential
0%
Interactivo/Interactiva Interactive
0%
Irresponsable Irresponsible
0%
Jugoso/Jugosa Juicy
0%
Duradero/Duradera Lasting
0%
Suelto/Suelta Loose
0%
Obligatorio/Obligatoria Mandatory
0%
Muchos/Muchas Many
0%
Masivo/Masiva Massive
0%
Maduro/Madura (also ripe) Mature
0%
Fundido Melted
0%
Templado/Templada Mild
0%
Mínimo/Mínima Minimum
0%
Engañoso/Engañosa Misleading
0%
Malentendido(a)/Incomprendido(a) Misunderstood
0%
Mixto(a)/Mezclado(a) (also blended) Mixed
0%
Entumecido(a)/Adormecido(a) Numb
0%
Fuera de línea Offline
0%
Enfrente Opposite
0%
Llano/Llana Plain
0%
Plástico(a)/De plástico Plastic
0%
Cortés Polite
0%
Predecible/De imaginar Predictable
0%
Estrenos (also releases) Premiers
0%
Orgulloso/Orgullosa Proud
0%
Probado/Probada Proven
0%
Aleatorio/Aleatoria Random
0%
Crudo/Cruda (also crude) Raw
0%
Restringido/Restringida Restricted
0%
Asado(a)/Rostizado(a) Roasted
0%
Podrido(a)/Putrefacto(a) Rotten
0%
Áspero/Áspera Rough
0%
Real (also real) Royal
0%
Apresurado/Apresurada Rushed
0%
Sensible (also sensible) Sensitive
0%
Filoso(a)/Agudo(a) (also acute) Sharp
0%
Resbaladizo(a)/Resbaloso(a)/Escurridizo(a) (also elusive, sneaky, slick) Slippery
0%
Lente Slow
0%
Solitario(a) (also lonely)/Señero Solitary
0%
Estándar Standard
0%
Al vapor Steamed
0%
Pegajoso/Pegajosa Sticky
0%
Quieto/Quieta Still
0%
Fuerte Strong
0%
Alto/Alta (also high) Tall
0%
Manso(a) (also meek)/Amansado(a)/Insulso(a) Tame
0%
Tierno/Tierna Tender
0%
Grueso(a)/Espeso(a) Thick
0%
Sediento/Sedienta Thirsty
0%
Amenazante/Amenazador(a) Threatening
0%
Apretado/Apretada Tight
0%
Cronometrado(a)/Temporizado(a) Timed
0%
Rasgado/Rasgada Torn
0%
Tocado/Tocada Touched
0%
Viajado(a)/Recorrido(a) Travelled
0%
Increíble (also incredible) Unbelievable
0%
Subacuático/Subacuática Underwater
0%
Inexcitable Unexcitable
0%
Inesperado/Inesperada Unexpected
0%
Injusto/Injusta Unfair
0%
Desconocido/Desconocida (also unknown) Unfamiliar
0%
Impredecible/Azaroso(a) Unpredictable
0%
Sin tiempo Untimed
0%
Insólito(a)/Inhabitual Unusual
0%
De arriba Up
0%
Habitual/De siempre Usual
0%
Desperdiciado(a)/Derrochado(a) Wasted
0%
Fue Went
0%
Maravilloso/Maravillosa (also marvelous) Wonderful
0%
No matching quizzes found
Score Distribution
Percent of People with Each Score
Percentile by Number Answered
Your Score History
You have not taken this quiz since the last reset